| 000 | 00777cmm a22002297 4500 | ||
|---|---|---|---|
| 001 | 0000018486 | ||
| 005 | 20151217152128.0 | ||
| 007 | co nga | ||
| 008 | 091129s xx b eng d | ||
| 020 | _a9529997725 : | ||
| 040 |
_aKABU _cKABU |
||
| 100 | 1 |
_aSarmela, Matti. _@0000177749 |
|
| 245 | 0 | 0 |
_aFinnish folklore atlas _h[computer file] : _bethnic culture of Finland 2 / _cMatti Sarmela, translated from Finnish by Annira Silver. |
| 250 | _a4th partially revised ed. | ||
| 260 |
_aHelsinki : _bMatti Sarmela, _c2009. |
||
| 300 |
_a1 computer laser optical disk ; _c4 3/4 in. |
||
| 650 | 0 |
_aFolklore _zFinland. _@0000177750 |
|
| 700 | 1 |
_aSilver, Annira. _@0000177751 |
|
| 852 | 1 | _9p500 KES | |
| 908 | _a091129 | ||
| 950 | _@1 | ||
| 999 |
_c8582 _d8582 |
||